[Event "AUTO-OPEN-3468"]
[Site "http://www.queenalice.com/game.php?id=1353856"]
[Date "2015.4.16"]
[Round "1"]
[White "burt_loml"]
[Black "teddy"]
[Result "1-0"]
[WhiteElo "1839"]
[BlackElo "1970"]

1. c4 f5 2. Nc3 Nf6 3. d3 e5 4. Bg5 Be7 5. e4 fxe4 6. Nxe4 Nxe4 7. Bxe7 Qxe7 8.
dxe4 O-O 9. Nf3 d6 10. Bd3 Nc6 11. O-O Bg4 12. h3 Bh5 13. Be2 Bg6 14. Qb3 Kh8
15. Qxb7 Bxe4 16. Rad1 Bxf3 17. Bxf3 Qe8 18. Bxc6 Qf7 19. Bd5 Qf4 20. Qxc7 Rab8
21. b3 1-0

[Event "AUTO-OPEN-3468"]
[Site "http://www.queenalice.com/game.php?id=1353857"]
[Date "2015.4.16"]
[Round "1"]
[White "teddy"]
[Black "burt_loml"]
[Result "0-1"]
[WhiteElo "1994"]
[BlackElo "1789"]

1. e4 c5 2. c3 e5 3. Bc4 Nf6 4. d3 d5 5. exd5 Nxd5 6. Nf3 Nc6 7. O-O Bg4 8. h3
Bh5 9. g4 Bg6 10. Bg5 Be7 11. Bxe7 Ndxe7 12. Na3 O-O 13. Nc2 e4 14. Nh4 Ne5 15.
Nxg6 N7xg6 16. Ne1 Nf4 17. Qb3 Nxh3+ 18. Kg2 Nf4+ 19. Kg3 Neg6 20. dxe4 Qh4+ 0-1

[Event "AUTO-OPEN-3468"]
[Site "http://www.queenalice.com/game.php?id=1353858"]
[Date "2015.4.16"]
[Round "1"]
[White "burt_loml"]
[Black "glaubergouveia"]
[Result "1-0"]
[WhiteElo "1876"]
[BlackElo "1535"]

1. c4 e5 2. Nc3 c5 3. Nf3 d6 4. e4 Nf6 5. g3 Nc6 6. Bg2 Bg4 7. Qb3 b6 8. d3 Nd4
9. Nxd4 g6 10. Nf3 Bg7 11. O-O O-O 12. Bg5 h6 13. Bxf6 Bxf6 14. Nd5 Be6 15.
Nxf6+ Qxf6 16. a4 Bg4 17. a5 Bxf3 18. axb6 axb6 19. Qxb6 Be2 20. Rxa8 Bxf1 21.
Rxf8+ Kxf8 22. Bxf1 Kg7 23. Bh3 h5 24. Kf1 Qf3 25. Qxd6 Qd1+ 26. Kg2 h4 27.
Qxe5+ f6 28. Qe7+ Kh6 29. Qf8+ 1-0

[Event "AUTO-OPEN-3468"]
[Site "http://www.queenalice.com/game.php?id=1353859"]
[Date "2015.4.16"]
[Round "1"]
[White "glaubergouveia"]
[Black "burt_loml"]
[Result "0-1"]
[WhiteElo "1437"]
[BlackElo "1921"]

1. e4 c5 2. Bc4 Nf6 3. e5 d5 4. Bb5+ Bd7 5. exf6 Bxb5 6. fxg7 Bxg7 7. d3 Nc6 8.
Nh3 O-O 9. Qf3 e5 10. Qg3 h6 11. Bxh6 Qf6 12. Qxg7+ Qxg7 13. Bxg7 Kxg7 14. Ng5
Rae8 15. Nc3 a6 16. a4 Nb4 17. O-O-O Bc6 18. f3 d4 19. Nce4 f6 20. Nh3 b6 21.
Rhg1 Bxa4 22. b3 Bc6 23. g4 Bxe4 24. fxe4 Na2+ 25. Kb2 Nc3 26. Rd2 b5 27. g5 a5
28. gxf6+ Kxf6 29. Rf2+ Ke7 30. Rg7+ Kd6 31. Rfg2 a4 32. Ra7 Nd1+ 33. Kc1 Ne3
34. Rg6+ Re6 35. Ra6+ Kd7 36. Rgxe6 Rf1+ 37. Kb2 Nd1+ 38. Ka3 b4+ 39. Kxa4 Nc3+
40. Ka5 Ra1+ 41. Kb6 Rxa6+ 0-1

[Event "Challenge"]
[Site "http://www.queenalice.com/game.php?id=1354325"]
[Date "2015.4.18"]
[Round "-"]
[White "burt_loml"]
[Black "Omar"]
[Result "1-0"]
[WhiteElo "1910"]
[BlackElo "1776"]

1. Nf3 e6 2. c4 d5 3. cxd5 Qxd5 4. Nc3 Qd8 5. e4 a6 6. d4 h6 7. Bc4 b5 8. Bb3
Bb7 9. O-O Nf6 10. e5 Ne4 11. Qe2 Nxc3 12. bxc3 Nd7 13. a4 Nb6 14. axb5 axb5 15.
Rxa8 Qxa8 16. Bb2 Bc6 17. Nd2 Be7 18. Ra1 Qb8 19. c4 bxc4 20. Nxc4 Nd5 21. Qd1
O-O 22. Na5 Ba8 23. Qc2 Qb5 24. Bc4 Qb6 25. h3 Nf4 26. Bf1 Bd5 27. g3 Ng6 28.
Nc4 Qb3 29. Qxb3 Bg5 30. f4 Be7 31. Ba3 Bxa3 32. Rxa3 h5 33. h4 Ne7 34. Bg2 Bxg2
35. Kxg2 Nf5 36. Ne3 Nxd4 37. Qc4 Nf5 38. Nxf5 exf5 39. Qxc7 g6 40. Rd3 Ra8 41.
Rd8+ Rxd8 42. Qxd8+ Kg7 43. Kf3 g5 44. Qxg5+ Kf8 45. Qxf5 Ke7 46. Qf6+ Kf8 47.
e6 Ke8 48. Qxf7+ Kd8 49. Qd7# 1-0

[Event "First Game"]
[Site "http://www.queenalice.com/game.php?id=1354664"]
[Date "2015.4.20"]
[Round "-"]
[White "burt_loml"]
[Black "Paulobraz"]
[Result "0-1"]
[WhiteElo "1852"]
[BlackElo "1901"]

1. Nf3 g6 2. e4 Bg7 3. d4 d6 4. Nc3 Bg4 5. h3 Bxf3 6. Qxf3 Bxd4 7. Bg5 Nc6 8.
Bb5 Qd7 9. O-O-O O-O-O 10. Bxc6 Qxc6 11. Rxd4 f6 12. Be3 e5 13. Ra4 a6 14. Rd1
b5 15. Ra5 Ne7 16. Nd5 Nxd5 17. exd5 Qb7 18. Qxf6 c5 19. Bg5 Rhf8 20. Qe6+ Rd7
21. f3 Qb6 22. Be7 Re8 23. Qf6 Qxa5 24. Bxd6 Qxa2 25. Bxc5 Qa1+ 26. Kd2 Rxd5+
0-1

[Event "AUTO-ADV-3359"]
[Site "http://www.queenalice.com/game.php?id=1358283"]
[Date "2015.5.8"]
[Round "2"]
[White "Paked"]
[Black "burt_loml"]
[Result "0-1"]
[WhiteElo "1967"]
[BlackElo "1891"]

1. e4 e6 2. d4 d5 3. e5 c5 4. c3 Nc6 5. Nf3 cxd4 6. cxd4 Bb4+ 7. Nc3 Nge7 8. Bb5
a6 9. Bxc6+ Nxc6 10. O-O O-O 11. a3 Bxc3 12. bxc3 b5 13. Bg5 Qa5 14. Qd2 h6 15.
Bh4 Qa4 16. g3 Na5 17. Qf4 Nc4 18. g4 Qc2 19. g5 h5 20. Bg3 Qxc3 21. Nh4 Nd2 22.
Rfd1 Ne4 23. Qf3 Qxf3 24. Nxf3 Nxg3 25. fxg3 f6 26. exf6 gxf6 27. gxf6 Rxf6 28.
Ne5 Bb7 29. Rf1 Raf8 30. Nd7 Rxf1+ 31. Rxf1 Rxf1+ 32. Kxf1 Kf7 33. Nc5 Bc8 34.
Ke2 Kf6 35. Kf3 e5 36. dxe5+ Kxe5 37. Ke3 d4+ 38. Kd3 Kd5 39. Nb3 Bf5+ 40. Kd2
Be4 0-1

[Event "AUTO-ADV-3359"]
[Site "http://www.queenalice.com/game.php?id=1358284"]
[Date "2015.5.8"]
[Round "2"]
[White "burt_loml"]
[Black "Paked"]
[Result "1-0"]
[WhiteElo "1853"]
[BlackElo "2030"]

1. c4 e5 2. Nc3 Nf6 3. e4 Bc5 4. Nf3 d6 5. g3 Be6 6. d3 Nc6 7. Bg2 O-O 8. Bg5 h6
9. Bxf6 Qxf6 10. O-O Bg4 11. Nd5 Qd8 12. Qb3 Bxf3 13. Bxf3 Nd4 14. Qd1 c6 15.
Ne3 f5 16. Nxf5 g6 17. Nxd4 Bxd4 18. Rb1 Qf6 19. Kg2 Rf7 20. Bg4 h5 21. Bh3 Bxf2
22. Qe2 Raf8 23. b4 Qf3+ 24. Qxf3 Rxf3 25. Rb2 Rxg3+ 26. hxg3 Bd4 27. Rxf8+ Kxf8
28. Rb1 1-0

[Event "AUTO-ADV-3359"]
[Site "http://www.queenalice.com/game.php?id=1358287"]
[Date "2015.5.8"]
[Round "2"]
[White "burt_loml"]
[Black "kakocarvalho"]
[Result "0-1"]
[WhiteElo "1923"]
[BlackElo "1795"]

1. c4 Nf6 2. Nc3 g6 3. e4 d6 4. d4 Bg7 5. Bg5 O-O 6. Nf3 Nbd7 7. Qd2 c5 8. Bd3
cxd4 9. Nxd4 Nc5 10. Bh6 Nxd3+ 11. Qxd3 Bxh6 12. f3 Qb6 13. b3 Bg7 14. O-O-O Qc5
15. h4 Nh5 16. g4 Nf4 17. Qd2 Qa3+ 18. Kc2 Ne6 19. Ndb5 Qc5 20. f4 Bd7 21. e5
Bxb5 22. Nxb5 a6 23. Nc3 dxe5 24. f5 Nf4 25. Qd7 Rad8 26. Qxb7 Rxd1 27. Rxd1
Qf2+ 28. Rd2 Qe3 29. fxg6 hxg6 30. Qxe7 e4 31. Nd1 Qb6 32. Qxe4 Ne6 33. Ne3 Nd4+
34. Kd1 Ne6 35. Nd5 Qg1+ 36. Kc2 Nd4+ 37. Kd3 Qb1+ 38. Ke3 Qe1+ 39. Kd3 Qxh4 40.
Ne7+ Kh7 41. Qf4 Ne6 42. Qe4 Nc5+ 0-1

[Event "AUTO-ADV-3359"]
[Site "http://www.queenalice.com/game.php?id=1358288"]
[Date "2015.5.8"]
[Round "2"]
[White "kakocarvalho"]
[Black "burt_loml"]
[Result "0-1"]
[WhiteElo "1802"]
[BlackElo "1878"]

1. Nf3 d5 2. g3 c5 3. Bg2 Nc6 4. O-O e5 5. d3 Bg4 6. Nbd2 Nf6 7. c4 d4 8. Ng5
Qd7 9. Nge4 Nxe4 10. Nxe4 h6 11. f3 Bh3 12. g4 Bxg2 13. Kxg2 Be7 14. a3 h5 15.
h3 f5 16. Nf2 hxg4 17. hxg4 Bh4 18. Rh1 O-O-O 19. e4 fxg4 20. Nxg4 Rdf8 21. Bd2
Ne7 22. Nxe5 Qe6 23. Ng4 Ng6 24. Qa4 Nf4+ 25. Bxf4 Rxf4 26. Qxa7 Rxg4+ 27. fxg4
Qxg4+ 0-1

[Event "Challenge"]
[Site "http://www.queenalice.com/game.php?id=1366972"]
[Date "2015.6.22"]
[Round "-"]
[White "burt_loml"]
[Black "calumvs"]
[Result "0-1"]
[WhiteElo "1788"]
[BlackElo "1824"]

1. d4 d5 2. c4 e5 3. dxe5 d4 4. Nf3 Nc6 5. Bg5 Be7 6. Bxe7 Ngxe7 7. Nbd2 Ng6 8.
Qa4 O-O 9. e3 dxe3 10. fxe3 Ngxe5 11. O-O-O Nd3+ 12. Bxd3 Qxd3 13. Rhe1 Be6 14.
h3 a5 15. Qb5 Nb4 16. Qa4 Bxc4 17. Nxc4 Qxc4+ 18. Kb1 b5 19. Qa3 Nc2 20. Qc3
Qxc3 21. bxc3 Nxe1 22. Nxe1 Rad8 23. Rc1 Rfe8 24. Nc2 Rd2 0-1

[Event "AUTO-ADV-3451"]
[Site "http://www.queenalice.com/game.php?id=1370724"]
[Date "2015.7.9"]
[Round "1"]
[White "TITAN10"]
[Black "burt_loml"]
[Result "1-0"]
[WhiteElo "1863"]
[BlackElo "1802"]

1. e4 e6 2. d4 d5 3. exd5 exd5 4. Bd3 Nf6 5. Bg5 Be7 6. Nd2 Nc6 7. c3 Bg4 8. f3
Bh5 9. Ne2 h6 10. Bh4 g5 11. Bf2 Qd7 12. Qc2 Bg6 13. Bxg6 fxg6 14. O-O-O O-O-O
15. Rhe1 Qf5 16. Ng3 Qxc2+ 17. Kxc2 g4 18. f4 h5 19. Re6 Rd6 20. Rde1 Re8 21.
Rxd6 Bxd6 22. Rxe8+ Nxe8 23. Be3 1-0

[Event "AUTO-ADV-3451"]
[Site "http://www.queenalice.com/game.php?id=1370725"]
[Date "2015.7.9"]
[Round "1"]
[White "burt_loml"]
[Black "TITAN10"]
[Result "0-1"]
[WhiteElo "1817"]
[BlackElo "1848"]

1. d4 Nf6 2. Nf3 e6 3. c4 c5 4. d5 d6 5. Bg5 Be7 6. Nc3 Bd7 7. e4 e5 8. g3 h6 9.
Bxf6 Bxf6 10. Bg2 a6 11. Qb3 Qc7 12. O-O O-O 13. Na4 Bxa4 14. Qxa4 Qd7 15. Qxd7
Nxd7 16. Rab1 b5 17. b3 b4 18. h4 Be7 19. Bh3 Nf6 20. Nd2 Rfd8 21. Ra1 a5 22. a3
Nh7 0-1

[Event "AUTO-ADV-3451"]
[Site "http://www.queenalice.com/game.php?id=1370736"]
[Date "2015.7.9"]
[Round "1"]
[White "guy92"]
[Black "burt_loml"]
[Result "1-0"]
[WhiteElo "2038"]
[BlackElo "1888"]

1. d4 Nf6 2. c4 e6 3. Nc3 Bb4 4. Nf3 b6 5. Bg5 Bb7 6. Rc1 d5 7. e3 h6 8. Bh4
Nbd7 9. Bd3 dxc4 10. Bxc4 O-O 11. O-O c5 12. dxc5 Nxc5 13. Qxd8 Raxd8 14. Nd4 e5
15. Nf3 e4 16. Nd4 Rd7 17. Nce2 Nd3 18. Bxd3 exd3 19. Nc3 Nd5 20. Rfd1 Ba6 21.
Nxd5 Rxd5 22. a3 Bc5 23. Nf3 Bb7 24. b4 Bd6 25. Rd2 a5 26. e4 Rh5 27. Rxd3 Rd8
28. Bxd8 1-0

[Event "AUTO-ADV-3451"]
[Site "http://www.queenalice.com/game.php?id=1370737"]
[Date "2015.7.9"]
[Round "1"]
[White "burt_loml"]
[Black "guy92"]
[Result "0-1"]
[WhiteElo "1847"]
[BlackElo "2048"]

1. d4 Nf6 2. Nf3 d5 3. c4 dxc4 4. e3 Bd7 5. Bxc4 e6 6. Nc3 Bb4 7. O-O O-O 8. a3
Bd6 9. e4 Ne8 10. e5 Be7 11. Qb3 Qc8 12. d5 exd5 13. Nxd5 Nc6 14. Bg5 Bxg5 15.
Nxg5 h6 16. Ne7+ Nxe7 17. Bxf7+ Kh8 18. e6 Bc6 19. Qc2 hxg5 20. f4 gxf4 21. Rxf4
g6 22. Raf1 Nf5 23. Qc3+ Kh7 24. g4 Ned6 25. gxf5 Nxf5 26. Qf6 Rg8 27. Rxf5
gxf5+ 0-1

[Event "AUTO-ADV-3451"]
[Site "http://www.queenalice.com/game.php?id=1370744"]
[Date "2015.7.9"]
[Round "1"]
[White "burt_loml"]
[Black "MariusLola"]
[Result "0-1"]
[WhiteElo "1905"]
[BlackElo "1885"]

1. d4 d5 2. c4 e5 3. dxe5 d4 4. Nf3 Nc6 5. g3 Bg4 6. Bg2 Bc5 7. Bg5 Be7 8. Bxe7
Ngxe7 9. Nbd2 Bxf3 10. Nxf3 Nf5 11. O-O O-O 12. Qb3 Rb8 13. Rad1 Re8 14. c5 b6
15. Bh3 bxc5 16. Qa4 Nxe5 17. Bxf5 Nxf3+ 18. Kg2 Ng5 19. a3 Rxb2 20. Rfe1 Rexe2
21. Rxe2 Rxe2 22. Qxa7 g6 23. Bg4 Qd5+ 24. Kf1 Re8 25. Kg1 Nf3+ 26. Bxf3 Qxf3
0-1

[Event "AUTO-ADV-3451"]
[Site "http://www.queenalice.com/game.php?id=1370745"]
[Date "2015.7.9"]
[Round "1"]
[White "MariusLola"]
[Black "burt_loml"]
[Result "1-0"]
[WhiteElo "1936"]
[BlackElo "1920"]

1. d4 Nf6 2. c4 e6 3. g3 d5 4. Bg2 dxc4 5. Qa4+ Bd7 6. Qxc4 Nc6 7. e4 e5 8. d5
Nd4 9. Ne2 b5 10. Qd3 c5 11. Nxd4 cxd4 12. O-O Bb4 13. a3 Qa5 14. f4 Ng4 15. Bd2
Bxd2 16. Nxd2 b4 17. Nc4 Qc7 18. axb4 O-O 19. Rfc1 Qb7 20. Qb3 Rab8 21. Qa3 Bb5
22. fxe5 Rfc8 23. Nd6 Rxc1+ 24. Rxc1 Qb6 25. Nc8 d3+ 26. Nxb6 1-0